Mastication of rubber. II. Interpolymerization of natural rubber and neoprene on cold milling (Record no. 45560)

MARC details
000 -LEADER
fixed length control field 00428nam a2200145Ia 4500
100 ## - MAIN ENTRY--AUTHOR NAME
Personal name Angier D J
245 #0 - TITLE STATEMENT
Title Mastication of rubber. II. Interpolymerization of natural rubber and neoprene on cold milling
260 ## - PUBLICATION, DISTRIBUTION, ETC. (IMPRINT)
Name of publisher Journal of Polymer Science
Year of publication 1955
300 ## - PHYSICAL DESCRIPTION
Number of Pages 129-140
650 ## - SUBJECT ADDED ENTRY--TOPICAL TERM
Topical Term Intercopymerization
650 ## - SUBJECT ADDED ENTRY--TOPICAL TERM
Topical Term Mastication
700 ## - ADDED ENTRY--PERSONAL NAME
Personal name Watson W F
942 ## - ADDED ENTRY ELEMENTS (KOHA)
Koha item type Reprints
Holdings
Withdrawn status Lost status Damaged status Not for loan Home library Current library Shelving location Date acquired Serial Enumeration / chronology Accession Number Koha item type
      Reprints RRII Library RRII Library Rubber chemistry 22/12/2021 Volume XVIII, Issue P00070 Reprints